| 000 | 01093cam a2200289 i 4500 | ||
|---|---|---|---|
| 001 | 59059 | ||
| 005 | 20230523155749.0 | ||
| 008 | 140415s1997 mc r 000 0 spa d | ||
| 020 | _a9682320534 | ||
| 040 |
_aMX-PuUPA _bspa _erda _cMx-PuUPA _dMx-PuUPA |
||
| 041 |
_aspa _aeng |
||
| 082 | 0 |
_a335.5 _bMIL |
|
| 100 | 1 |
_aMiliband, Ralph, _eautor _95663 |
|
| 240 | 1 | 0 |
_aSocialism for a sceptical age. _lEspañol |
| 245 | 1 | 0 |
_aSocialismo para una época de escépticos / _cpor Ralph Miliband ; traducción de Raúl Elvir Maldonado. |
| 250 | _aPrimera edición | ||
| 264 | 1 |
_aMéxico, D.F. : _bSiglo xxi editores, _bCentro de Investigaciones interdisciplinarias en Ciencias y Humanidades, UNAM, _c1997 |
|
| 300 |
_aix, 232 páginas ; _c21 cm. |
||
| 336 |
_atexto _2rdacontent |
||
| 337 |
_asin mediación _2rdamedia |
||
| 338 |
_avolumen _2rdacarrier |
||
| 490 | 0 | _aEl mundo del siglo xxi | |
| 650 | 4 | _aSocialismo | |
| 700 | 1 |
_aMaldonado, Raúl Elvir, _etraductor |
|
| 700 | 1 |
_iTraducción de: _aMiliband, Ralph, _tSocialism for a sceptical age. |
|
| 999 |
_c59059 _d59059 |
||
| 942 |
_h335.5 _iMIL _cLI |
||